MDQL
is popping MORE tags! Check the
thread
!
Quizzes
Events
Quiz Creation
Community
Videos
Private Events
Remove Ads
Sign In
Join for FREE
Feedback
Dark Mode
Quiz Categories
Sports
Geography
Music
Movies
Television
Just For Fun
Miscellaneous
History
Literature
Language
Science
Gaming
Entertainment
Religion
Holiday
For Kids
Quiz Lab
Recent
Popular Today
Quiz Kudos Today
Editor Picks
Curator Picks
Quizzes by...
Day
Popularity
Type
Ratings
Length
Year
Community
Subscriptions
Recent Discussions
Orange Saloon
Badges
Playlists
Quests
Create
Leaderboards
Showdown
Live 5
Trivia Bingo
Activity
Puzzle Library
Sporcle Events
Private Events
Virtual Trivia
Globe League
Become a Host
Pub Owners
SporcleCon
Opinionation
Our Games
Videos
Blog
Mobile Apps
Partnerships
Remove Ads and Go Orange
Feedback
Language
Vocabulary
Begins and Ends
Definition
Spanish
French
German
Italian
Chinese
Latin
Translation
Japanese
Language
Vocabulary
Begins and Ends
Definition
Spanish
French
German
Italian
Chinese
Latin
Translation
Japanese
Random Quiz
Search Sporcle
×
Quiz Lab
Quiz Lab
Language
Song
Type in answers that appear in a list
Type in answers that appear in a list
Classic
Best Score? Go Orange.
Qué Difícil Es Hablar El Español lyrics Stats
Can you name the first 300 words of the song 'Qué Difícil Es Hablar El Español'?
By
wasting_time
16m
300 Questions
47 Plays
47 Plays
47 Plays
Comments
Comments
Give Quiz Kudos
Give Quiz Kudos
-
- Ratings
hide this ad
More Info
Replay
Link that replays current quiz
Next Quiz
Link to next quiz in quiz playlist
You Got
0%
They Got
Avg Score
46%
Avg Friend Score
Upgrade to see
Score Distribution
Jump to the score distribution portion of the page
Score
0/300
Timer
16:00
0
Plays Today
% Correct
es
93.6%
es
93.6%
es
93.6%
es
93.6%
es
93.6%
es
93.6%
Qué
89.4%
que
89.4%
Qué
89.4%
Qué
89.4%
que
89.4%
Qué
89.4%
que
89.4%
que
89.4%
que
89.4%
Qué
89.4%
que
89.4%
Qué
89.4%
que
89.4%
que
89.4%
que
89.4%
que
89.4%
el
87.2%
el
87.2%
el
87.2%
el
87.2%
el
87.2%
el
87.2%
el
87.2%
el
87.2%
el
87.2%
el
87.2%
el
87.2%
español,
85.1%
español,
85.1%
español,
85.1%
español,
85.1%
español
85.1%
español
85.1%
español,
85.1%
español,
85.1%
hablar
83%
difícil
83%
hablar
83%
difícil
83%
difícil
83%
hablar
83%
difícil
83%
difícil
83%
hablar
83%
difícil
83%
no
80.9%
no
80.9%
no
80.9%
Y
76.6%
lo
76.6%
lo
76.6%
lo
76.6%
la
76.6%
lo
76.6%
la
76.6%
Y
76.6%
la
76.6%
Y
76.6%
y
76.6%
y
76.6%
lo
76.6%
lo
76.6%
Y
76.6%
Y
76.6%
la
76.6%
Y
76.6%
a
74.5%
Me
74.5%
Si
74.5%
me
74.5%
mi
74.5%
me
74.5%
a
74.5%
a
74.5%
mi
74.5%
me
74.5%
mi
74.5%
me
74.5%
mi
74.5%
me
74.5%
mi
74.5%
mi
74.5%
me
74.5%
me
74.5%
Yo
72.3%
Yo
72.3%
Yo
72.3%
yo
72.3%
Yo
72.3%
Yo
72.3%
yo
72.3%
yo
72.3%
en
70.2%
en
70.2%
% Correct
En
70.2%
en
70.2%
en
70.2%
en
70.2%
en
70.2%
se
70.2%
En
70.2%
en
70.2%
se
70.2%
en
70.2%
por
68.1%
por
68.1%
De
66%
de
66%
de
66%
de
66%
de
66%
de
66%
de
66%
de
66%
te
61.7%
tú
61.7%
con
57.4%
con
57.4%
con
57.4%
las
55.3%
para
55.3%
las
55.3%
para
55.3%
las
55.3%
todo
53.2%
todo
53.2%
Un
53.2%
un
53.2%
todo
53.2%
un
53.2%
Porque
51.1%
Porque
51.1%
Porque
51.1%
vi
48.9%
Los
44.7%
tiene
42.6%
tiene
42.6%
voy.
42.6%
al
42.6%
al
42.6%
al
42.6%
tiene
42.6%
voy.
42.6%
ya
40.4%
una
40.4%
ya
40.4%
Ya
40.4%
una
40.4%
Pero
38.3%
otra
38.3%
otra
38.3%
Este
38.3%
otra
38.3%
Pero
38.3%
nada,
36.2%
más
34%
España
34%
dices
34%
entender
34%
dices
34%
entender
34%
dices
34%
entender
34%
mis
34%
viajé
31.9%
muy
31.9%
fui
31.9%
país
31.9%
cuando
31.9%
viaje
31.9%
viajé
31.9%
Muy
31.9%
país
31.9%
cuando
31.9%
cuando
31.9%
México
29.8%
unos
29.8%
idioma,
29.8%
nunca
29.8%
definición.
29.8%
definición.
29.8%
México,
29.8%
Unos
29.8%
idioma
29.8%
definición.
29.8%
Desde
27.7%
viví,
27.7%
entiende
27.7%
ni
27.7%
ni
27.7%
compré
27.7%
países,
25.5%
mujeres,
25.5%
diferentes.
25.5%
% Correct
años
25.5%
doy
25.5%
sabía
25.5%
años
25.5%
Cuba,
25.5%
doy
25.5%
ese
25.5%
ese
25.5%
tres
23.4%
lindas
21.3%
comida,
21.3%
Venezuela
21.3%
Colombia
21.3%
Colombia
21.3%
Conocí
19.1%
bailé
19.1%
Patagonia,
19.1%
conseguí...
19.1%
muevas
19.1%
región!
19.1%
comprendí
19.1%
estudiar
19.1%
estudiar
19.1%
pana,
19.1%
pana,
19.1%
pana!
19.1%
probé
17%
otros
17%
amigos
17%
ritmo
17%
todos
17%
mal
17%
chucha,
17%
mal
17%
deliciosa
14.9%
ritmos
14.9%
esforcé
14.9%
aprendes
14.9%
castellano
14.9%
tenía
14.9%
meses
14.9%
Costa
14.9%
Rica,
14.9%
profesor
14.9%
canta,
14.9%
digo
14.9%
hay
14.9%
distintos
12.8%
porvencido
12.8%
canarias,
12.8%
léxico,
12.8%
Guadalajara.
12.8%
Bolivia,
12.8%
estudio
12.8%
derecho
12.8%
porvencido
12.8%
dicen
12.8%
plata
12.8%
estudiaba
10.6%
hacía
10.6%
islas
10.6%
decidí
10.6%
Salamanca.
10.6%
Sentía
10.6%
necesitaba
10.6%
enriquecer
10.6%
decidí
10.6%
Cuatro
10.6%
Tanto
10.6%
tanto
10.6%
final
10.6%
revés!
10.6%
tal
10.6%
secundaria,
8.5%
excursión
8.5%
fuimos
8.5%
filología
8.5%
tara,
8.5%
posgrado
8.5%
cursos
8.5%
lectura
8.5%
ves,
8.5%
decían
8.5%
porro
8.5%
encanta.
8.5%
chilenos
8.5%
hispana
8.5%
promociones
6.4%
Terminada
6.4%
carrera
6.4%
pronto
6.4%
esfuerzo
6.4%
camisa
6.4%
miran
6.4%
algo
6.4%
lejos
6.4%
olor
6.4%
axilas
6.4%
alegre
4.3%
Cuidad
2.1%
Quiz Playlist
Details
Report
Send in Message
Add To Playlist
More Info:
From http://www.youtube.com/watch?feature=player_embedded&v=Xyp7xt-ygy0
Classic:
Type in answers that appear in a list
Quiz Source
Last Updated: Feb 16, 2017
Quiz Scoreboard
CHALLENGE
Sign Up to Join the Scoreboard
Show All
Scores
Hide
Comments
May contain spoilers
Recently Published
Colored Red Africa Blitz
by spor1
Geography
30s
Find the 'City' Movie
by crazypaving
Movies
60s
5x2 Blitz: Bands
by SL_Kpop136
Music
30s
More to Explore
Quiz From the Vault
Featured Blog Post
14 Easter Pick-up Lines to Find Eggs With
hide this ad
You Might Also Like...
Tags
Song Quiz
300
Español
Que
Today's Top Quizzes in Language
Browse Language
hide this ad
Today's Top Quizzes in Song
Browse Song
Top Contributed Quizzes in Language
1
1-10 Letter F Words III
2
1-10 Letter G Words III
3
1-10 Letter H Words III
4
1-10 Letter I Words III
5
Greek Alphabet Match
6
Arabic Numerals
7
Ends in ELL Minefield
8
1-10 Letter J Words III
9
1-10 Letter L Words III
10
1-10 Letter M Words III
Explore More
Trending Topics
Marvel
NBA
Disney
Anime
Crossword
Kpop
Harry Potter
Song
Pokémon
Puzzle
The Office
Country
Soccer
NFL
WWE
hide this ad
More By:
wasting_time
Quiz
Plays
Rating
Category
Featured
Created
Buenos Aires subte stations
307
4.00
Geography
Dec 1, 2011
Most iconic dresses ever
222
3.83
Just For Fun
Apr 21, 2011
Qué Difícil Es Hablar El Español lyrics
47
Language
Mar 6, 2012
Countries in which Oxfam GB operates
36
2.67
Geography
Apr 18, 2011
Google Zeitgeist UK: most popular searches 2011
17
Miscellaneous
Dec 15, 2011
Go to Creator's Profile
Score Distribution
Quiz Creator Spotlight
wasting_time
Follow
Send a Message
Quizzes Created
-
Created Quiz Play Count
-
More By This Creator
Popular Quizzes Today
1
Find the 'City' Movie
2
5x2 Blitz: Bands
3
Colored Red Africa Blitz
4
Find the US States - No Outlines Minefield
5
The Countries of the World
6
Find the US States
7
9x9 Crossword: Cartoon Network
8
US States
More Language Quizzes
'We' are the words
Curator's Pick
Trending Quizzes
Colored Red Europe Blitz I
Colored Red Africa Blitz II
Colored Red Europe Blitz III
Colored Red Europe Blitz II
Colored Red Africa Blitz III
Recently Updated
Champions League XIs: Real Madrid
pecheneg
Largest US Cities 1790-2010
pecheneg
Rides in Walt Disney World
pecheneg
Most Oscar Losses (Acting)
pecheneg
Beyoncé Albums
pecheneg
Leaping Animals
pecheneg
Reality TV Shows (A-Z)
bhenderson79
Rickey Henderson's Hall of Fame Teammates
pecheneg
Champions League XIs: Arsenal
pecheneg
Quick Pick: Celebrities in WWE's Hall of Fame
aduchscher
Trending Topics
Anime
NBA
Kpop
Harry Potter
Crossword
Marvel
Disney
Country
Song
Puzzle
Soccer
Pokémon
NFL
WWE
The Office
Your Account Isn't Verified!
In order to create a playlist on Sporcle, you need to verify the email address you used during registration. Go to your
Sporcle Settings
to finish the process.
Report this User
Report this user for behavior that violates our
Community Guidelines
.
Details:
Send Report
Go to the Sporcle.com Mobile Site →
Comments